Cool Questions - Statistics

General Stats
  • This quiz has been taken 52 times
  • The average score is 12 of 26
Answer Stats
Copy / Awnser Hint % Correct
1 1 - next hint Numeric Series
78%
12 12 repeated
78%
2
75%
3
75%
4
75%
Geography study of maps and Earth
72%
12
66%
12
66%
12
66%
12
66%
12 STOP!
56%
NOT opposite of TON
50%
Stop Sign Octogon Sign on streets
47%
Me Copy Me
41%
15 The hint with 12 again but with 15
38%
15
28%
15
25%
14 Subtract One
22%
15 Add One
22%
River Something that runs but never walks
22%
15
16%
15
16%
15
16%
16 Add One
16%
18 Add Two and repeat for next coloumn
13%
18 STOP
9%
No matching quizzes found
Score Distribution
Percent of People with Each Score
Percentile by Number Answered
Your Score History
You have not taken this quiz